000 01033nmm a2200373 a 4500
003 AR-BaBNM
005 20251128210220.0
008 129019s1993 ||||||||||||||000 | spa||
020 _a950-07-0748-9
040 _cAR-BaBNM
100 1 _aLuna, Félix
245 1 0 _aPerón y su tiempo
250 _a2ª ed.
260 _aBuenos Aires
_bSudamericana
_c1993
300 0 _a1005 p.
500 0 _aAl final de cada parte se encuentra un apéndice para consultar
600 1 4 _aPerón, Juan Domingo
650 4 _aPRESIDENCIAS ARGENTINAS
650 4 _aCAUDILLOS ARGENTINOS
650 4 _aNACIONALISMO
650 4 _aIDEOLOGIAS POLITICAS
650 4 _aHISTORIA POLITICA ARGENTINA
650 4 _aPROBLEMAS SOCIALES
650 4 _aPLAN QUINQUENAL
650 4 _aPLAN QUINQUENAL
650 4 _aQUEMA DE IGLESIAS
650 4 _aREVOLUCION DE JUNIO DE 1955
650 4 _aREVOLUCION DE SETIEMBRE DE 1955
650 4 _aPOLITICA ARGENTINA
651 4 _aArgentina
653 0 _aPERONISMO
942 _cBK
998 _cMariana
999 _c14543
_d14543